000 00760nam a2200253 i 4500
001 6642
003 ES-MaACL
005 20230906145029.0
007 t|
008 900208s1987 sp ||||1| spa d
020 _a84-249-1256-X
080 _a88-94"-04"
080 _a88(Jenofonte 7 C.03=6)
100 1 _aJenofonte.
_966312
245 1 0 _aCiropedia /
_cJenofonte ; introduccion, traduccion y notas de Ana Vegas Salvador.
260 _aMadrid :
_bGredos,
_c1987.
300 _a510 p. ;
_c20 cm.
490 1 _aBiblioteca clásica Gredos ;
_v108
500 _aIndices.
700 1 _aVegas Sansalvador, Ana.
_9113649
830 0 _aBiblioteca clásica Gredos ;
_v108
_9177556
852 _aES-MaACL
_jL-13809
_bR.117375
_z. - plast.
999 _c6642
_d6642